dtwage - Statistics

General Stats
  • This quiz has been taken 4 times
  • The average score is 175 of 225
Answer Stats
Question Tile Select % Correct
go quickly and quietly amiss No
100%
大摆锤 amiss No
100%
not quite right amiss Yes
100%
go quickly and quietly anachronism No
100%
not quite right anachronism No
100%
go quickly and quietly convivial No
100%
not quite right convivial No
100%
大摆锤 creep No
100%
not quite right creep No
100%
go quickly and quietly crushing No
100%
大摆锤 crushing No
100%
not quite right crushing No
100%
go quickly and quietly flimsy No
100%
大摆锤 flimsy No
100%
not quite right flimsy No
100%
go quickly and quietly flutter No
100%
大摆锤 flutter No
100%
not quite right flutter No
100%
go quickly and quietly forlorn No
100%
not quite right forlorn No
100%
go quickly and quietly pendulum No
100%
not quite right pendulum No
100%
大摆锤 prowl No
100%
not quite right prowl No
100%
大摆锤 slip No
100%
not quite right slip No
100%
大摆锤 sneak No
100%
not quite right sneak No
100%
go quickly and quietly submerge No
100%
大摆锤 submerge No
100%
not quite right submerge No
100%
go quickly and quietly suffocate No
100%
大摆锤 suffocate No
100%
not quite right suffocate No
100%
go quickly and quietly tumble No
100%
大摆锤 tumble No
100%
not quite right tumble No
100%
immersed in sth amiss No
75%
sth bad or severe amiss No
75%
窒息 amiss No
75%
lonely or sad amiss No
75%
falling down quickly amiss No
75%
not solid or strong amiss No
75%
friendly and cheerful amiss No
75%
move wings really fast amiss No
75%
move ur body close to the ground amiss No
75%
do things secretly amiss No
75%
crawl like an animal amiss No
75%
old fashioned idea amiss No
75%
大摆锤 anachronism No
75%
immersed in sth anachronism No
75%
sth bad or severe anachronism No
75%
窒息 anachronism No
75%
lonely or sad anachronism No
75%
falling down quickly anachronism No
75%
not solid or strong anachronism No
75%
move wings really fast anachronism No
75%
move ur body close to the ground anachronism No
75%
do things secretly anachronism No
75%
crawl like an animal anachronism No
75%
old fashioned idea anachronism Yes
75%
大摆锤 convivial No
75%
immersed in sth convivial No
75%
sth bad or severe convivial No
75%
窒息 convivial No
75%
lonely or sad convivial No
75%
falling down quickly convivial No
75%
not solid or strong convivial No
75%
friendly and cheerful convivial Yes
75%
move wings really fast convivial No
75%
move ur body close to the ground convivial No
75%
do things secretly convivial No
75%
crawl like an animal convivial No
75%
old fashioned idea convivial No
75%
go quickly and quietly creep No
75%
immersed in sth creep No
75%
sth bad or severe creep No
75%
窒息 creep No
75%
lonely or sad creep No
75%
falling down quickly creep No
75%
not solid or strong creep No
75%
friendly and cheerful creep No
75%
move wings really fast creep No
75%
old fashioned idea creep No
75%
immersed in sth crushing No
75%
窒息 crushing No
75%
lonely or sad crushing No
75%
falling down quickly crushing No
75%
not solid or strong crushing No
75%
friendly and cheerful crushing No
75%
move wings really fast crushing No
75%
move ur body close to the ground crushing No
75%
do things secretly crushing No
75%
crawl like an animal crushing No
75%
old fashioned idea crushing No
75%
immersed in sth flimsy No
75%
sth bad or severe flimsy No
75%
窒息 flimsy No
75%
lonely or sad flimsy No
75%
falling down quickly flimsy No
75%
not solid or strong flimsy Yes
75%
friendly and cheerful flimsy No
75%
move wings really fast flimsy No
75%
move ur body close to the ground flimsy No
75%
do things secretly flimsy No
75%
crawl like an animal flimsy No
75%
old fashioned idea flimsy No
75%
immersed in sth flutter No
75%
sth bad or severe flutter No
75%
窒息 flutter No
75%
lonely or sad flutter No
75%
falling down quickly flutter No
75%
not solid or strong flutter No
75%
friendly and cheerful flutter No
75%
move wings really fast flutter Yes
75%
move ur body close to the ground flutter No
75%
do things secretly flutter No
75%
crawl like an animal flutter No
75%
old fashioned idea flutter No
75%
大摆锤 forlorn No
75%
immersed in sth forlorn No
75%
sth bad or severe forlorn No
75%
窒息 forlorn No
75%
lonely or sad forlorn Yes
75%
falling down quickly forlorn No
75%
not solid or strong forlorn No
75%
friendly and cheerful forlorn No
75%
move wings really fast forlorn No
75%
move ur body close to the ground forlorn No
75%
do things secretly forlorn No
75%
crawl like an animal forlorn No
75%
old fashioned idea forlorn No
75%
大摆锤 pendulum Yes
75%
immersed in sth pendulum No
75%
sth bad or severe pendulum No
75%
lonely or sad pendulum No
75%
falling down quickly pendulum No
75%
not solid or strong pendulum No
75%
friendly and cheerful pendulum No
75%
move wings really fast pendulum No
75%
do things secretly pendulum No
75%
crawl like an animal pendulum No
75%
old fashioned idea pendulum No
75%
go quickly and quietly prowl No
75%
immersed in sth prowl No
75%
sth bad or severe prowl No
75%
窒息 prowl No
75%
lonely or sad prowl No
75%
falling down quickly prowl No
75%
not solid or strong prowl No
75%
friendly and cheerful prowl No
75%
move wings really fast prowl No
75%
move ur body close to the ground prowl No
75%
do things secretly prowl No
75%
old fashioned idea prowl No
75%
immersed in sth slip No
75%
sth bad or severe slip No
75%
窒息 slip No
75%
lonely or sad slip No
75%
not solid or strong slip No
75%
friendly and cheerful slip No
75%
move wings really fast slip No
75%
move ur body close to the ground slip No
75%
do things secretly slip No
75%
crawl like an animal slip No
75%
old fashioned idea slip No
75%
immersed in sth sneak No
75%
sth bad or severe sneak No
75%
窒息 sneak No
75%
lonely or sad sneak No
75%
falling down quickly sneak No
75%
not solid or strong sneak No
75%
friendly and cheerful sneak No
75%
move wings really fast sneak No
75%
move ur body close to the ground sneak No
75%
do things secretly sneak Yes
75%
crawl like an animal sneak No
75%
old fashioned idea sneak No
75%
immersed in sth submerge Yes
75%
sth bad or severe submerge No
75%
窒息 submerge No
75%
lonely or sad submerge No
75%
falling down quickly submerge No
75%
not solid or strong submerge No
75%
friendly and cheerful submerge No
75%
move wings really fast submerge No
75%
move ur body close to the ground submerge No
75%
do things secretly submerge No
75%
crawl like an animal submerge No
75%
old fashioned idea submerge No
75%
sth bad or severe suffocate No
75%
lonely or sad suffocate No
75%
falling down quickly suffocate No
75%
not solid or strong suffocate No
75%
friendly and cheerful suffocate No
75%
move wings really fast suffocate No
75%
move ur body close to the ground suffocate No
75%
do things secretly suffocate No
75%
crawl like an animal suffocate No
75%
old fashioned idea suffocate No
75%
immersed in sth tumble No
75%
窒息 tumble No
75%
lonely or sad tumble No
75%
falling down quickly tumble Yes
75%
not solid or strong tumble No
75%
friendly and cheerful tumble No
75%
move wings really fast tumble No
75%
move ur body close to the ground tumble No
75%
do things secretly tumble No
75%
crawl like an animal tumble No
75%
old fashioned idea tumble No
75%
friendly and cheerful anachronism No
50%
move ur body close to the ground creep Yes
50%
do things secretly creep No
50%
crawl like an animal creep No
50%
sth bad or severe crushing Yes
50%
窒息 pendulum No
50%
move ur body close to the ground pendulum No
50%
crawl like an animal prowl Yes
50%
go quickly and quietly slip Yes
50%
falling down quickly slip No
50%
go quickly and quietly sneak No
50%
immersed in sth suffocate No
50%
窒息 suffocate Yes
50%
sth bad or severe tumble No
50%
No matching quizzes found
Score Distribution
Percent of People with Each Score
Percentile by Number Answered
Your Score History
You have not taken this quiz